00521nam a2200157Ia 4500003000400000008004100004040001600045082001800061100002900079245010600108260006100214300001100275490000500286650003800291650003400329GCL140319s9999 xx 000 0 ara d aGCL / cGCL04a621.42bم م1 aمحمد احمد قمر10aالمحولات الكهربية والات التيار المستمر / cمحمد احمد قمر a[S.N] : bدار الراتب الجامعية ، c1984 a479 ص a04aالمحولات الكهربية04aهندسة كهربائية